TRUE OR FALSE (easy) - Statistics

General Stats
  • This quiz has been taken 26 times
  • The average score is 10 of 15
Answer Stats
Question Answer % Correct
Alaska is a US state True
92%
ASAP stands for as soon as possible True
88%
the biggest country is china False
83%
Theres a country called Chad True
83%
The Mona Lisa has eyebrows False
79%
AI stands for artificial intellect False
79%
the rock is bald True
79%
less than 1000 people live in the Vatican City True
75%
ABBA is a Finnish band False
71%
THERES 3 types of marsupial False
54%
Doodle is the name of an Eminem song False
54%
Laser is a acronym True
54%
Eminem has collaborated with ed sheeran True
50%
THERES a word where V is a silent letter False
46%
Gen alpha is the latest generation (as of 2025) False
38%
No matching quizzes found
Score Distribution
Percent of People with Each Score
Percentile by Number Answered
Your Score History
You have not taken this quiz